Normal view
MARC view
Entry Personal Name
001 - CONTROL NUMBER
- control field: 85205
003 - CONTROL NUMBER IDENTIFIER
- control field: dpl
005 - DATE AND TIME OF LATEST TRANSACTION
- control field: 20250925121435.0
008 - FIXED-LENGTH DATA ELEMENTS
- fixed length control field: 250925|| aca||aabn | a|a d
040 ## - CATALOGING SOURCE
- Original cataloging agency: dpl
- Transcribing agency: dpl
100 ## - HEADING--PERSONAL NAME
- Personal name: सुदर्शन कुमार
670 ## - SOURCE DATA FOUND
- Source citation: Work cat.: (dpl)209407: सुदर्शन कुमार, भूकम्प के झटके /, 2024
